|
|
|
|
| LEADER |
01565nam a2200241 a 4500 |
| 008 |
100215s2010 bg a 000 0 eng d |
| 040 |
|
|
|a BD-DhAAL
|c BD-DhAAL
|
| 082 |
0 |
0 |
|a 305.4/095492
|2 22
|
| 100 |
2 |
|
|a Parvez Babul.
|
| 245 |
1 |
0 |
|a Women's empowerment :
|b food security and climate change /
|c Parvez Babul.
|
| 260 |
|
|
|a Dhaka :
|b Pranto Prokashon,
|c 2010.
|
| 300 |
|
|
|a 103 p. :
|b ill. ;
|c 22 cm.
|
| 541 |
1 |
|
|e 00019803
|
| 650 |
|
0 |
|a Women
|z Bangladesh
|x Social conditions.
|
| 650 |
|
0 |
|a Women
|z Bangladesh
|x Economic conditions.
|
| 852 |
4 |
|
|a Ayesha Abed Library
|j General Shelf
|
| 999 |
|
|
|c 7529
|d 7529
|
| 952 |
|
|
|0 0
|1 0
|2 ddc
|4 0
|6 305_409549200000000_PAR_2010
|7 0
|9 8137
|a BRACUL
|b BRACUL
|c GEN
|d 2010-02-15
|l 5
|m 2
|o 305.4095492 PAR
|p 3010019803
|r 2025-05-24
|s 2025-05-13
|t 1
|w 2010-02-15
|y BK
|
| 952 |
|
|
|0 0
|1 0
|2 ddc
|4 0
|6 305_400000000000000_095492_PAR
|7 0
|9 20189
|a JPGSPH
|b JPGSPH
|c GEN
|d 2012-05-16
|g 150.00
|l 0
|o 305.4095492 PAR
|p 3060025207
|r 2012-05-16
|t 2
|w 2012-05-16
|y BK
|
| 952 |
|
|
|0 0
|1 0
|2 ddc
|4 0
|6 305_409549200000000_PAR
|7 0
|9 20190
|a JPGSPH
|b JPGSPH
|c GEN
|d 2012-05-16
|l 0
|o 305.4095492 PAR
|p 3060025208
|r 2012-05-16
|t 3
|w 2012-05-16
|y BK
|
| 952 |
|
|
|0 0
|1 0
|2 ddc
|4 0
|6 305_409549200000000_PAR
|7 0
|9 20191
|a JPGSPH
|b JPGSPH
|c GEN
|d 2012-05-16
|l 0
|o 305.4095492 PAR
|p 3060025209
|r 2012-05-16
|t 4
|w 2012-05-16
|y BK
|
| 952 |
|
|
|0 0
|1 0
|2 ddc
|4 0
|6 305_409549200000000_PAR
|7 0
|9 20192
|a JPGSPH
|b JPGSPH
|c GEN
|d 2012-05-16
|l 0
|o 305.4095492 PAR
|p 3060025210
|r 2012-05-16
|t 5
|w 2012-05-16
|y BK
|
| 952 |
|
|
|0 0
|1 0
|2 ddc
|4 0
|6 305_409549200000000_PAR
|7 0
|9 20193
|a JPGSPH
|b JPGSPH
|c GEN
|d 2012-05-16
|l 0
|o 305.4095492 PAR
|p 3060025211
|r 2012-05-16
|t 5
|w 2012-05-16
|y BK
|